Demigods of Hermes in Percy Jackson - Statistics

General Stats
  • This quiz has been taken 87 times
  • The average score is 4 of 7
Answer Stats
Answer % Correct
Luke Castellan
98%
Travis Stoll
93%
Connor Stoll
91%
Chris Rodriguez
48%
Cecil Markowitz
19%
Julia Feingold
16%
Alice Miyazawa
15%
No matching quizzes found
Score Distribution
Percent of People with Each Score
Percentile by Number Answered
Your Score History
You have not taken this quiz